|
|
|
|
| LEADER |
01684nam a2200361 a 4500 |
| 001 |
00022326 |
| 008 |
110419s1990 bg w 000 0 mul d |
| 040 |
|
|
|a BD-DhAAL
|c BD-DhAAL
|
| 041 |
|
|
|a Eng
|a Ben
|
| 082 |
0 |
0 |
|a 348.5492/046
|2 22
|
| 999 |
|
|
|c 10732
|d 10732
|
| 999 |
|
|
|c 10732
|
| 999 |
|
|
|c 10732
|
| 999 |
|
|
|c 10732
|
| 130 |
0 |
|
|a DLR
|9 4066
|
| 245 |
0 |
4 |
|a The Dhaka law reports :
|b a monthly law journal,
|c Founder editor, Obaidul Huq Chowdhury, Chief editor, A. Muntaquim Chaudhury, editor, Shahabuddin Ahmad,
|n volume no. 42
|
| 246 |
1 |
7 |
|a The Dhaka Law Reports.
|
| 260 |
|
|
|a Dhaka :
|b Dhaka Law Reports,
|c 1990
|
| 300 |
|
|
|a 296, 536,135 p. :
|c 25 cm.
|
| 362 |
0 |
|
|a Vol. XLII,1990
|
| 500 |
|
|
|a "A journal of law reports."
|
| 500 |
|
|
|a Latest issue consulted: Vol.XLII,January to December,1990
|
| 541 |
|
|
|e 00022326
|
| 590 |
|
|
|a Published yearly.
|
| 650 |
|
0 |
|a Law reports, digests, etc.
|z Bangladesh.
|9 4067
|
| 700 |
1 |
|
|a Chowdhury, Obaidul Haque.
|9 1137
|
| 700 |
1 |
|
|a Chaudhury, A. Muntaquim.
|9 4056
|
| 700 |
1 |
|
|a Ahmad, Shahabuddin.
|9 4057
|
| 852 |
4 |
|
|a Ayesha Abed Library
|j General shelf
|
| 942 |
|
|
|2 ddc
|c 1HOUR
|0 2
|
| 952 |
|
|
|0 0
|1 0
|2 ddc
|4 0
|6 348_549204600000000_DHA
|7 0
|8 REF
|9 16147
|a BRACUL
|b BRACUL
|c CIR
|d 2011-04-19
|l 8
|o 348.5492046 DHA
|p 3010022326
|r 2014-03-02
|s 2014-03-02
|t 1
|w 2011-04-19
|y 1HOUR
|x Available
|
| 952 |
|
|
|0 0
|1 0
|2 ddc
|4 0
|6 348_549204600000000_DHA
|7 0
|8 REF
|9 23999
|a BRACUL
|b BRACUL
|c REF
|d 2014-03-22
|l 17
|o 348.5492046 DHA
|p 3010020930
|r 2025-05-27
|s 2025-05-27
|t 2
|w 2014-03-22
|y 1HOUR
|
| 952 |
|
|
|0 0
|1 0
|2 ddc
|4 0
|6 348_549200000000000_046_DHA
|7 0
|8 REF
|9 54129
|a BRACUL
|b BRACUL
|c CIR
|d 2015-06-08
|g 994.00
|l 15
|o 348.5492046 DHA
|p 3010029147
|r 2019-07-24
|s 2019-07-24
|t 3
|w 2015-06-08
|y 1HOUR
|